Tort law : (Record no. 25589)
[ view plain ]
| 000 -LEADER | |
|---|---|
| fixed length control field | 00904cam a22003015a 4500 |
| 001 - CONTROL NUMBER | |
| control field | 018406630 |
| 003 - CONTROL NUMBER IDENTIFIER | |
| control field | OSt |
| 005 - DATE AND TIME OF LATEST TRANSACTION | |
| control field | 20171115135730.0 |
| 008 - FIXED-LENGTH DATA ELEMENTS--GENERAL INFORMATION | |
| fixed length control field | 170601t2017 enk fr f001 0 eng d |
| 020 ## - INTERNATIONAL STANDARD BOOK NUMBER | |
| International Standard Book Number | 9780198745525 |
| 040 ## - CATALOGING SOURCE | |
| Original cataloging agency | StDuBDS |
| Language of cataloging | eng |
| Transcribing agency | StDuBDS |
| Modifying agency | EG-ScBUE |
| 082 04 - DEWEY DECIMAL CLASSIFICATION NUMBER | |
| Classification number | 346.4203 |
| Edition number | 22 |
| Item number | LUN |
| 100 1# - MAIN ENTRY--PERSONAL NAME | |
| Personal name | Lunney, Mark. |
| 245 10 - TITLE STATEMENT | |
| Title | Tort law : |
| Remainder of title | text and materials / |
| Statement of responsibility, etc | Ken Oliphant, Donal Nolan and Ken Oliphant. |
| 250 ## - EDITION STATEMENT | |
| Edition statement | 6th ed. |
| 260 ## - PUBLICATION, DISTRIBUTION, ETC. (IMPRINT) | |
| Place of publication, distribution, etc | Oxford : |
| Name of publisher, distributor, etc | Oxford University Press, |
| Date of publication, distribution, etc | c.2017. |
| 300 ## - PHYSICAL DESCRIPTION | |
| Extent | lxi, 1016 p. ; |
| Dimensions | 25 cm. |
| 500 ## - GENERAL NOTE | |
| General note | Previous edition: published as by Mark Lunney and Ken Oliphant. 2013. |
| 500 ## - GENERAL NOTE | |
| General note | Includes index. |
| 650 #0 - SUBJECT ADDED ENTRY--TOPICAL TERM | |
| Topical term or geographic name as entry element | Torts |
| Geographic subdivision | England. |
| Source of heading or term | BUEsh |
| 650 #0 - SUBJECT ADDED ENTRY--TOPICAL TERM | |
| Topical term or geographic name as entry element | Torts |
| Geographic subdivision | Wales. |
| Source of heading or term | BUEsh |
| 651 ## - SUBJECT ADDED ENTRY--GEOGRAPHIC NAME | |
| Source of heading or term | BUEsh |
| 653 ## - INDEX TERM--UNCONTROLLED | |
| Resource For college | Law |
| Arrived date list | November2017 |
| 655 ## - INDEX TERM--GENRE/FORM | |
| Form subdivision | Reading book |
| -- | 34232 |
| 700 1# - ADDED ENTRY--PERSONAL NAME | |
| Personal name | Nolan, Donal. |
| 700 1# - ADDED ENTRY--PERSONAL NAME | |
| Personal name | Oliphant, Ken. |
| 942 ## - ADDED ENTRY ELEMENTS (KOHA) | |
| Source of classification or shelving scheme | Dewey Decimal Classification |
| Withdrawn status | Item status | Source of classification or shelving scheme | Damaged status | Not for loan | Vendor | Home library | Current library | Shelving location | Date acquired | Source of acquisition | Cost, normal purchase price | Total Checkouts | Total Renewals | Full call number | Barcode | Checked out | Date last seen | Date last borrowed | Koha item type |
|---|---|---|---|---|---|---|---|---|---|---|---|---|---|---|---|---|---|---|---|
| Dewey Decimal Classification | Baccah | Central Library | Central Library | First floor | 15/11/2017 | Purchase | 990.00 | 3 | 21 | 346.4203 LUN | 000042494 | 17/06/2020 | 03/12/2019 | 03/12/2019 | Book - Borrowing | ||||
| Dewey Decimal Classification | Baccah | Central Library | Central Library | First floor | 15/11/2017 | Purchase | 990.00 | 9 | 30 | 346.4203 LUN | 000042495 | 16/04/2026 | 24/03/2026 | Book - Borrowing | |||||
| Dewey Decimal Classification | Baccah | Central Library | Central Library | First floor | 15/11/2017 | Purchase | 990.00 | 10 | 34 | 346.4203 LUN | 000042496 | 09/04/2026 | 05/04/2026 | Book - Borrowing |